00492nam a2200145Ia 4500100003000000942000700030654001600037245003400053260006100087082001900148300000800167546001200175999001700187952014200204 aJohnsonbaugn/R/ Kalley/G  cBK aprogramming aApplications programming In C bMacmillan I(B I Publications) Xerox CopyaNew Yorkc1990 a621.3813bJOHN a806 aENGLISH c17851d17851 001040708CRCaCRCEbCRCEc1473 | 5d2023-03-17ePravina booksg282.56i265l0o621.3813 JOHNp3056r2023-03-17v282.56w2023-03-17yBK